| 000 | 00410nam a2200157Ia 4500 | ||
|---|---|---|---|
| 003 | LK-CoDNM | ||
| 008 | 010623t1986 xxu||||| |||| 00| 1 sin d | ||
| 040 |
_aLK-CoDNM _dLK-CoDNM _eLK-CoDNM |
||
| 041 | _asin | ||
| 080 | _a294.3 SRI | ||
| 245 | _aවෙසක් සිතුවිලි | ||
| 246 | _aWesak Situwili | ||
| 260 |
_bEksath Bauddha Madya Mandalaya _c1986 |
||
| 300 | _b96p., 28 cm | ||
| 942 | _cBK | ||
| 999 |
_c113433 _d113433 |
||